[Event "Gemuend op Sen1"]
[Site "?"]
[Date "1999.10.27"]
[Round "5"]
[White "Krause Rudolf"]
[Black "Thiele Horst"]
[Result "1/2-1/2"]
[WhiteElo "1710"]
[BlackElo "1721"]
[PlyCount "29"]
[EventDate "1999.??.??"]
[Source "www.chesslib.no"]
[SourceDate "2004.05.04"]

1. d4 d5 2. Nc3 Nf6 3. Bg5 e6 4. e4 Be7 5. e5 Nfd7 6. Bxe7 Qxe7 7. Nf3 a6 8. Bd3 c5 9. dxc5 Nc6 10. O-O Nxc5 11. Re1 b6 12. Bf1 Bb7 13. a3 Rd8 14. Ne2 Ne4 15. c3 1/2-1/2

[Event "05sen.Europa-EM2005"]
[Site "?"]
[Date "2005.??.??"]
[Round "6"]
[White "Homes Helmut"]
[Black "Koch Manfred[44N'räder"]
[Result "1/2-1/2"]
[WhiteElo "1746"]
[BlackElo "1682"]
[PlyCount "49"]
[EventDate "2005.??.??"]
[Source "www.chesslib.no"]
[SourceDate "2004.05.04"]

1. e4 e6 2. d4 d5 3. Nc3 Nf6 4. Bg5 Be7 5. e5 Nfd7 6. Bxe7 Qxe7 7. Nf3 O-O 8. Bd3 c5 9. dxc5 Nc6 10. Qe2 Nxc5 11. O-O a6 12. Rfe1 b5 13. a3 Bb7 14. Rad1 Rac8 15. Qe3 Nxd3 16. Rxd3 Rfd8 17. Nd4 Nxd4 18. Rxd4 Rc4 19. Red1 Rdc8 20. Rxc4 Rxc4 21. Rd2 Qc7 22. h3 Ba8 23. Rd4 h6 24. Rxc4 dxc4 25. f3 1/2-1/2

[Event "Corr"]
[Site "?"]
[Date "2001.02.12"]
[Round "?"]
[White "Schalkwijk Peter H.(NED)"]
[Black "Maroneze Bruno"]
[Result "1-0"]
[WhiteElo "1761"]
[BlackElo "1653"]
[PlyCount "49"]
[EventDate "2001.??.??"]
[Source "www.chesslib.no"]
[SourceDate "2004.05.04"]

1. e4 e6 2. Nc3 d5 3. d3 Nf6 4. Bg5 Be7 5. e5 Nfd7 6. Bxe7 Qxe7 7. d4 O-O 8. Bd3 c5 9. Nf3 Nc6 10. O-O cxd4 11. Nb5 Ndxe5 12. Nxe5 Nxe5 13. Bxh7+ Kxh7 14. Qh5+ Kg8 15. Qxe5 Bd7 16. Nxd4 Rac8 17. c3 b5 18. f4 f6 19. Qe1 Rfe8 20. Rd1 Qc5 21. Kh1 e5 22. fxe5 Rxe5 23. Qg3 Rce8 24. Rxf6 Re3 25. Qg6 1-0

[Event "Corr"]
[Site "?"]
[Date "2001.11.27"]
[Round "?"]
[White "Klawitter Bernd"]
[Black "Van Laar Jan"]
[Result "0-1"]
[WhiteElo "1470"]
[BlackElo "1881"]
[PlyCount "84"]
[EventDate "2001.??.??"]
[Source "www.chesslib.no"]
[SourceDate "2004.05.04"]

1. e4 e6 2. d4 d5 3. Nc3 Nf6 4. Bg5 Be7 5. e5 Nfd7 6. Bxe7 Qxe7 7. Nf3 O-O 8. Bd3 c5 9. dxc5 Nxc5 10. O-O Nxd3 11. Qxd3 b6 12. Nb5 Nd7 13. Nd6 Nxe5 14. Nxc8 Nxf3+ 15. Qxf3 Raxc8 16. c3 Rc4 17. Rad1 Rfc8 18. Rfe1 Qg5 19. Qd3 b5 20. Re3 b4 21. Rg3 Qe7 22. Rh3 h6 23. Qd2 Qc7 24. cxb4 Rc2 25. Qd4 Qb6 26. Qxb6 axb6 27. Rc3 R8xc3 28. bxc3 Rxc3 29. f3 b5 30. Ra1 Rc2 31. a4 bxa4 32. Rxa4 Rb2 33. Ra8+ Kh7 34. Ra7 Kg6 35. Ra4 d4 36. Kf1 e5 37. Ra6+ Kf5 38. Ra7 Kf4 39. Rxf7+ Ke3 40. g4 d3 41. Rf5 d2 42. Rxe5+ Kd4 0-1

[Event "Wolfsberg"]
[Site "?"]
[Date "2004.04.13"]
[Round "3"]
[White "Fox Daniel"]
[Black "Verhorst Andreas"]
[Result "1-0"]
[WhiteElo "1726"]
[BlackElo "1620"]
[PlyCount "63"]
[EventDate "2004.??.??"]
[Source "www.chesslib.no"]
[SourceDate "2004.05.04"]

1. e4 e6 2. d4 d5 3. Nc3 Nf6 4. Bg5 Be7 5. e5 Nfd7 6. Bxe7 Qxe7 7. Nf3 a6 8. a3 c5 9. Ne2 cxd4 10. Nexd4 Nc6 11. Nxc6 bxc6 12. c4 Bb7 13. Be2 O-O 14. Qc2 c5 15. h4 dxc4 16. Ng5 g6 17. f4 Bxg2 18. Rg1 Bd5 19. h5 f5 20. hxg6 hxg6 21. Bxc4 Kg7 22. Bxd5 exd5 23. O-O-O d4 24. Qc4 Rae8 25. Rh1 Rh8 26. Rxh8 Rxh8 27. Ne6+ Kf7 28. Nxc5+ Ke8 29. Nxd7 Qxd7 30. Qxa6 Rh2 31. Qxg6+ Kf8 32. Qd6+ 1-0

[Event "Leverkusen"]
[Site "?"]
[Date "2004.01.26"]
[Round "2.25"]
[White "Duester Frank"]
[Black "Hoffmann Daniela"]
[Result "1-0"]
[WhiteElo "1791"]
[BlackElo "1548"]
[PlyCount "133"]
[EventDate "2004.??.??"]
[Source "www.chesslib.no"]
[SourceDate "2004.05.04"]

1. e4 e6 2. d4 d5 3. Nc3 Nf6 4. Bg5 Be7 5. e5 Nfd7 6. Bxe7 Qxe7 7. Nf3 a6 8. Bd3 c5 9. Be2 Nc6 10. O-O cxd4 11. Nxd4 Ndxe5 12. Nb3 O-O 13. f4 Nd7 14. a3 f5 15. Bd3 Nf6 16. Ne2 Rd8 17. Qe1 Bd7 18. Ned4 Nxd4 19. Nxd4 Ne4 20. b4 Rdc8 21. Rc1 Qf6 22. Qe3 Rc3 23. Ra1 Rac8 24. Ne2 R3c7 25. Nd4 Rc3 26. Ne2 R3c7 27. Nd4 Rc3 28. Rfe1 Ba4 29. Ra2 Qe7 30. Kh1 a5 31. Rb1 axb4 32. axb4 Qd7 33. b5 Bxc2 34. Rxc2 Rxc2 35. Bxc2 Rc3 36. Qe1 Rc5 37. Bd3 Rc8 38. b6 Qd6 39. Nf3 Qxf4 40. Kg1 Qd6 41. Qe3 Rc3 42. Qd4 Qa3 43. Ne5 Rc1+ 44. Rxc1 Qxc1+ 45. Bf1 Nd2 46. Qf4 Qc5+ 47. Qf2 Ne4 48. Qxc5 Nxc5 49. Bb5 d4 50. Kf1 g5 51. Nd3 Nxd3 52. Bxd3 Kf7 53. Ba6 Ke7 54. Bxb7 Kd7 55. Ke2 e5 56. Kd3 h5 57. h3 g4 58. h4 f4 59. Be4 Kd6 60. Ke2 Kd7 61. Bg6 Kd6 62. Kd3 Kd7 63. Bf7 Kd6 64. Bxh5 Kc6 65. Ke4 Kxb6 66. Kxe5 d3 67. Kxf4 1-0

[Event "Corr"]
[Site "?"]
[Date "2002.03.06"]
[Round "?"]
[White "Bomfim Allan Rodrigo"]
[Black "Taffijn Aad"]
[Result "0-1"]
[WhiteElo "1513"]
[BlackElo "1702"]
[PlyCount "64"]
[EventDate "2002.??.??"]
[Source "www.chesslib.no"]
[SourceDate "2004.05.04"]

1. e4 e6 2. d4 d5 3. Nc3 Nf6 4. Bg5 Be7 5. e5 Nfd7 6. Bxe7 Qxe7 7. Nf3 O-O 8. Bd3 c5 9. O-O Nc6 10. dxc5 Nxc5 11. Nb5 Nxd3 12. Qxd3 b6 13. Rfe1 Ba6 14. a4 Rfc8 15. Qd2 Bxb5 16. axb5 Na5 17. b3 a6 18. bxa6 Rxa6 19. Nd4 Raa8 20. h3 Nb7 21. b4 Qc7 22. f4 Qc4 23. Rxa8 Rxa8 24. c3 Nd8 25. g4 Ra2 26. Qe3 Nc6 27. f5 Ra3 28. Nxc6 Qxc6 29. Rc1 Qc7 30. f6 gxf6 31. exf6 Kh8 32. Qe1 Ra2 0-1

[Event "Rheinland-ch H1"]
[Site "?"]
[Date "2002.03.23"]
[Round "2.16"]
[White "Martin Mike"]
[Black "Friedrich Marius"]
[Result "0-1"]
[WhiteElo "1655"]
[BlackElo "1500"]
[PlyCount "32"]
[EventDate "2002.??.??"]
[Source "www.chesslib.no"]
[SourceDate "2004.05.04"]

1. e4 e6 2. d4 d5 3. Nc3 Nf6 4. Bg5 Be7 5. e5 Nfd7 6. Bxe7 Qxe7 7. Nf3 O-O 8. Bd3 a6 9. h4 h6 10. Qd2 c5 11. Be2 Nc6 12. Qe3 cxd4 13. Nxd4 Ndxe5 14. f4 Nxd4 15. Qxd4 Nc6 16. Qe3 d4 0-1

[Event "04.Nord-West-Cup"]
[Site "?"]
[Date "2002.??.??"]
[Round "3"]
[White "Frerichs Manfred"]
[Black "Nolte Wilhelm"]
[Result "1-0"]
[WhiteElo "1457"]
[BlackElo "1692"]
[PlyCount "79"]
[EventDate "2002.??.??"]
[Source "www.chesslib.no"]
[SourceDate "2004.05.04"]

1. e4 e6 2. d4 d5 3. Nc3 Nf6 4. Bg5 Be7 5. e5 Nfd7 6. Bxe7 Qxe7 7. a3 O-O 8. f4 a6 9. Nf3 c5 10. dxc5 Nxc5 11. Bd3 f6 12. O-O Nc6 13. Qd2 f5 14. b4 Nxd3 15. cxd3 b5 16. d4 Bd7 17. Ne2 a5 18. bxa5 Nxa5 19. Qb4 Qe8 20. Rfc1 Nc4 21. Rc3 Qb8 22. Nc1 Ra4 23. Qb1 Qa7 24. Nd3 Nd2 25. Qc1 Nxf3+ 26. gxf3 Qxd4+ 27. Kg2 Rc4 28. Rxc4 dxc4 29. Nb4 Rd8 30. Nc2 Qb6 31. Qe1 Bc6 32. Nb4 Ba8 33. Rd1 Bd5 34. Nxd5 exd5 35. e6 d4 36. e7 Re8 37. Rxd4 Qxd4 38. Qe6+ Kh8 39. Qf7 Qd2+ 40. Kh3 1-0

[Event "Corr"]
[Site "?"]
[Date "2003.10.28"]
[Round "?"]
[White "Magalhães João Flavio"]
[Black "Klawitter Bernd"]
[Result "1/2-1/2"]
[WhiteElo "1526"]
[BlackElo "1491"]
[PlyCount "67"]
[EventDate "2003.??.??"]
[Source "www.chesslib.no"]
[SourceDate "2004.05.04"]

1. e4 e6 2. d4 d5 3. Nc3 Nf6 4. Bg5 Be7 5. e5 Nfd7 6. Bxe7 Qxe7 7. Nf3 a6 8. Bd3 c5 9. dxc5 Nc6 10. O-O Nxc5 11. Qd2 Bd7 12. Rae1 Nxd3 13. cxd3 O-O 14. d4 Rac8 15. Re2 Nb8 16. Rc1 b5 17. Ree1 b4 18. Ne2 Bb5 19. Nf4 Qd7 20. Rxc8 Rxc8 21. Qxb4 Rc4 22. Qd2 Qc7 23. Ne2 Rc2 24. Qxc2 Qxc2 25. Rc1 Qxc1+ 26. Nxc1 Nc6 27. a3 f6 28. exf6 gxf6 29. Na2 Bc4 30. Nb4 Nxb4 31. axb4 Kf7 32. Nd2 Bb5 33. f4 h5 34. Nb3 1/2-1/2

[Event "Hengelo"]
[Site "?"]
[Date "2005.08.12"]
[Round "8"]
[White "Kaptein Frank"]
[Black "Vliembergen Marina van"]
[Result "1-0"]
[WhiteElo "1359"]
[BlackElo "1564"]
[PlyCount "123"]
[EventDate "2005.??.??"]
[Source "www.chesslib.no"]
[SourceDate "2004.05.04"]

1. e4 e6 2. d4 d5 3. Nc3 Nf6 4. Bg5 Be7 5. e5 Nfd7 6. Bxe7 Qxe7 7. Nf3 O-O 8. Bd3 a6 9. Qd2 c5 10. O-O cxd4 11. Ne2 Nc6 12. Qf4 f6 13. exf6 Qxf6 14. Qxf6 Nxf6 15. Nexd4 Nxd4 16. Nxd4 e5 17. Nb3 b6 18. c3 Bb7 19. Rfe1 Rae8 20. Rad1 Nd7 21. Bc2 Rf6 22. Nc1 Nc5 23. b4 Nd7 24. Bb3 Rd6 25. c4 Nf6 26. cxd5 Bxd5 27. Re2 Rc6 28. f3 Bxb3 29. Nxb3 Rc4 30. Rde1 Rxb4 31. Rxe5 Rxe5 32. Rxe5 Kf7 33. Kf2 Nd7 34. Re4 Rb5 35. Nd4 Rb2+ 36. Re2 Rb4 37. Ke3 Nf6 38. Nc6 Ra4 39. g3 Nd5+ 40. Kd3 Nb4+ 41. Nxb4 Rxb4 42. Kc3 Rb5 43. Rb2 Rxb2 44. Kxb2 Ke6 45. Kc3 Kd5 46. h4 b5 47. Kb4 g6 48. Ka5 Kc5 49. g4 b4 50. Kxa6 Kd4 51. Kb5 b3 52. axb3 Ke3 53. Kc5 Kxf3 54. b4 Kxg4 55. b5 Kxh4 56. b6 g5 57. b7 g4 58. b8=Q h5 59. Qh2+ Kg5 60. Kd4 h4 61. Ke3 h3 62. Qg3 1-0

[Event "MotKings-MotKnights pl"]
[Site "?"]
[Date "2001.05.12"]
[Round "3"]
[White "Alfonso, E."]
[Black "Marshall, K."]
[Result "1-0"]
[WhiteElo "1557"]
[BlackElo "1316"]
[PlyCount "103"]
[EventDate "2001.??.??"]
[Source "www.chesslib.no"]
[SourceDate "2004.05.04"]

1. e4 e6 2. d4 d5 3. Nc3 Nf6 4. Bg5 Be7 5. e5 Nfd7 6. Bxe7 Qxe7 7. Nf3 c5 8. Nb5 Na6 9. Nd6+ Kf8 10. Bxa6 bxa6 11. Nxc8 Rxc8 12. c3 cxd4 13. cxd4 Qb4+ 14. Qd2 Qxd2+ 15. Nxd2 f6 16. Nf3 fxe5 17. dxe5 Rc2 18. b3 Ke7 19. O-O Rhc8 20. Rfe1 Nb6 21. Nd4 R2c3 22. f4 Rd3 23. Rad1 Rxd1 24. Rxd1 g6 25. Kf2 Nd7 26. Ke3 a5 27. Rd2 a6 28. Rc2 Rxc2 29. Nxc2 Nb6 30. Nd4 a4 31. Kd3 axb3 32. axb3 Kd7 33. Kc3 a5 34. h3 h6 35. g4 a4 36. b4 Nc4 37. b5 a3 38. Kb3 h5 39. Nc2 hxg4 40. hxg4 Kc7 41. Nd4 Kd7 42. Nc2 Kc7 43. Nd4 Kd7 44. g5 Nd2+ 45. Kxa3 Nc4+ 46. Kb4 Nb6 47. Ka5 Nc4+ 48. Ka6 Ke7 49. b6 Nxb6 50. Kxb6 Kf7 51. Kc5 Ke7 52. Kc6 1-0

[Event "Corr"]
[Site "?"]
[Date "2002.06.27"]
[Round "?"]
[White "Umanzor Cristo"]
[Black "Ondo Bob"]
[Result "0-1"]
[WhiteElo "1294"]
[BlackElo "1470"]
[PlyCount "24"]
[EventDate "2002.??.??"]
[Source "www.chesslib.no"]
[SourceDate "2004.05.04"]

1. e4 e6 2. d4 d5 3. Nc3 Nf6 4. Bg5 Be7 5. e5 Nfd7 6. Bxe7 Qxe7 7. Nf3 O-O 8. Bd3 c5 9. Qe2 c4 10. Bxh7+ Kxh7 11. O-O-O Nc6 12. Ng5+ Qxg5+ 0-1

[Event "FRA"]
[Site "?"]
[Date "2005.05.15"]
[Round "10.10"]
[White "Pruvot Louis"]
[Black "Boudia Samy"]
[Result "1/2-1/2"]
[WhiteElo "1490"]
[BlackElo "1260"]
[PlyCount "151"]
[EventDate "2005.??.??"]
[Source "www.chesslib.no"]
[SourceDate "2004.05.04"]

1. e4 e6 2. d4 d5 3. Nc3 Nf6 4. Bg5 Be7 5. e5 Nfd7 6. Bxe7 Qxe7 7. Nf3 O-O 8. Bd3 c5 9. Bb5 a6 10. Bxd7 Nxd7 11. O-O b6 12. Qd2 Bb7 13. Rfe1 cxd4 14. Qxd4 Rac8 15. Rad1 Rc4 16. Qe3 Qc5 17. Qxc5 Rxc5 18. Rd2 f6 19. Nd4 Re8 20. exf6 Nxf6 21. Nxe6 Rc6 22. Rde2 Bc8 23. Nd4 Rxe2 24. Rxe2 Rc4 25. Rd2 Be6 26. Nf3 Bf5 27. Nxd5 Nxd5 28. Rxd5 g6 29. c3 Rc5 30. Rxc5 bxc5 31. Kf1 Kf7 32. Ke2 Ke6 33. b4 Kd6 34. bxc5+ Kxc5 35. Nd4 Bd7 36. Kd3 a5 37. c4 a4 38. Nb5 Bxb5 39. cxb5 Kxb5 40. Kc2 Kb4 41. f4 a3 42. g4 Kc5 43. Kd3 Kd5 44. Ke3 Ke6 45. Ke4 Kf6 46. h4 h5 47. g5+ Ke6 48. f5+ Kf7 49. Ke5 Ke7 50. fxg6 Kf8 51. Kf6 Kg8 52. g7 Kh7 53. g6+ Kg8 54. Kg5 Kxg7 55. Kxh5 Kg8 56. Kh6 Kh8 57. g7+ Kg8 58. h5 Kf7 59. Kh7 Kf6 60. g8=Q Ke5 61. Kg6 Kf4 62. Qe6 Kf3 63. Qc4 Ke3 64. Kf5 Kf2 65. Qd3 Kg2 66. Kf4 Kf2 67. Qf3+ Ke1 68. Qg2 Kd1 69. Qb2 axb2 70. a4 b1=Q 71. Kg5 Ke2 72. a5 Kf3 73. h6 Qc1+ 74. Kg6 Qc6+ 75. Kg7 Kf4 76. h7 1/2-1/2

[Event "GER-ch U12"]
[Site "?"]
[Date "2002.05.22"]
[Round "7"]
[White "Goergen Barbara"]
[Black "Bigalke Tobias"]
[Result "0-1"]
[WhiteElo "1217"]
[BlackElo "1516"]
[PlyCount "118"]
[EventDate "2002.??.??"]
[Source "www.chesslib.no"]
[SourceDate "2004.05.04"]

1. e4 e6 2. d4 d5 3. Nc3 Nf6 4. Bg5 Be7 5. e5 Nfd7 6. Bxe7 Qxe7 7. a3 a6 8. Nf3 c5 9. g3 cxd4 10. Nxd4 Nxe5 11. Bg2 O-O 12. O-O Nbc6 13. Re1 Qc7 14. Nce2 b5 15. Nb3 Nc4 16. Rb1 b4 17. axb4 Nxb4 18. c3 Nc6 19. Nbd4 Nxd4 20. Qxd4 Qd6 21. Qd1 Bb7 22. Nd4 Rfc8 23. Nf3 Qd8 24. Qc2 a5 25. h4 h6 26. g4 d4 27. Nxd4 Bxg2 28. Kxg2 Qxh4 29. Qe2 Qe7 30. Nf3 a4 31. Ne5 Nxe5 32. Qxe5 Qc7 33. Qxc7 Rxc7 34. Ra1 Raa7 35. Rec1 f5 36. gxf5 exf5 37. c4 Kf7 38. Kf3 Ke6 39. Kf4 g5+ 40. Kg3 Kf6 41. c5 f4+ 42. Kg4 h5+ 43. Kf3 Kf5 44. c6 g4+ 45. Kg2 Ra6 46. b3 Raxc6 47. Rxc6 Rxc6 48. bxa4 Ra6 49. f3 Ra5 50. fxg4+ hxg4 51. Kf2 Ke6 52. Ke2 Ke5 53. Kf2 Kd6 54. Kg2 Rf5 55. a5 Kc7 56. a6 Kb8 57. a7+ Ka8 58. Kf2 Rf7 59. Kg2 Rxa7 0-1

[Event "AUS-chJ"]
[Site "Camberra"]
[Date "2001.01.16"]
[Round "5.23"]
[White "Dickens, Alex"]
[Black "Rovere, Crispin"]
[Result "1-0"]
[WhiteElo "1312"]
[BlackElo "1407"]
[PlyCount "61"]
[EventDate "2001.01.??"]
[Source "www.chesslib.no"]
[SourceDate "2004.05.04"]

1. e4 e6 2. d4 d5 3. Nc3 Nf6 4. Bg5 Be7 5. e5 Nfd7 6. Bxe7 Qxe7 7. Nf3 a6 8. Be2 c5 9. O-O Nc6 10. Re1 cxd4 11. Nxd4 Ncxe5 12. f4 Nc6 13. Nxd5 exd5 14. Bf3 Nde5 15. Nxc6 bxc6 16. Rxe5 Be6 17. f5 O-O 18. fxe6 f6 19. Re2 Rab8 20. Rb1 Rfe8 21. Bh5 g6 22. Bf3 Qd6 23. Qe1 g5 24. Bh5 Re7 25. Bf7+ Kg7 26. Kh1 Rb4 27. Re3 Rh4 28. Rh3 Re4 29. Qd1 Qe5 30. g3 Rd4 31. Rxh7+ 1-0

[Event "GER-ch U14 Girls"]
[Site "?"]
[Date "2002.??.??"]
[Round "2"]
[White "Stemmler Lysan"]
[Black "Nuber Helene"]
[Result "1-0"]
[WhiteElo "1380"]
[BlackElo "1143"]
[PlyCount "47"]
[EventDate "2002.??.??"]
[Source "www.chesslib.no"]
[SourceDate "2004.05.04"]

1. e4 e6 2. d4 d5 3. Nc3 Nf6 4. Bg5 Be7 5. e5 Nfd7 6. Bxe7 Qxe7 7. Nf3 c5 8. Nb5 Na6 9. Nd6+ Kf8 10. Bb5 Nc7 11. Bxd7 Qxd7 12. dxc5 Nb5 13. O-O Nxd6 14. cxd6 f6 15. Qd4 fxe5 16. Qxe5 Ke8 17. Rfe1 h6 18. Qxd5 Kd8 19. Qe5 Rf8 20. Nd4 Rf6 21. c4 b6 22. b3 Rg6 23. Qe4 e5 24. Nc6+ 1-0

[Event "Corr"]
[Site "?"]
[Date "2001.09.19"]
[Round "?"]
[White "Majdic Darko"]
[Black "Sala Stefano"]
[Result "1/2-1/2"]
[WhiteElo "1030"]
[BlackElo "1414"]
[PlyCount "107"]
[EventDate "2001.??.??"]
[Source "www.chesslib.no"]
[SourceDate "2004.05.04"]

1. e4 e6 2. d4 d5 3. Nc3 Nf6 4. Bg5 Be7 5. e5 Nfd7 6. Bxe7 Qxe7 7. Nf3 O-O 8. Bd3 c5 9. Nb5 Nb6 10. O-O cxd4 11. Nfxd4 Nc6 12. f4 Nxd4 13. Nxd4 Qb4 14. Nb3 Nc4 15. Bxc4 Qxc4 16. Qd3 Qxd3 17. cxd3 b6 18. Rac1 Ba6 19. Rc3 Rac8 20. Rfc1 Rxc3 21. Rxc3 Rc8 22. Rxc8+ Bxc8 23. Kf2 g6 24. Nd4 Kg7 25. b4 h5 26. Ke3 f6 27. h3 a5 28. bxa5 bxa5 29. a3 a4 30. g4 fxe5 31. fxe5 hxg4 32. hxg4 Kh6 33. Nf3 Ba6 34. Kd4 Bb5 35. Kc5 Bxd3 36. Nd4 g5 37. Kd6 Kg6 38. Kxe6 Bf1 39. Kxd5 Bh3 40. e6 Kf6 41. Kd6 Bxg4 42. e7 Bh5 43. Kd7 Ke5 44. Ne2 g4 45. e8=Q+ Bxe8+ 46. Kxe8 Kd5 47. Kd7 Kc4 48. Ke6 Kb3 49. Kf5 Kxa3 50. Kxg4 Kb2 51. Nf4 a3 52. Nd3+ Kc3 53. Nc1 Kc2 54. Na2 1/2-1/2